Language Quiz

Random Language Quiz

Chapter 3 Quiz Stats

 Plays Quiz not verified by Sporcle

Score 0/75 Timer 20:00
0 Plays Today
Ingles Espanol % Correct
I workYo trabajo
77%
booklibro
76.7%
paperpapel
76.6%
He speaksEl habla
74.9%
pencillapiz
74.7%
dos mil quince2015
74.6%
to speakhablar
74.3%
Isabel ____ mas tiempo. (necesitar)necesita
74%
mil novecientos setenta y siete1977
72.7%
to useusar
72.6%
cuatrocientos400
72.5%
to look at mirar
72%
to wear, to carryllevar
72%
shirtcamisa
71.8%
penpluma
71.7%
muchmucho
70.9%
pantspantalones
70.9%
Ellos ____ mucho en clase. (hablar)hablan
70.9%
to buycomprar
70.6%
mil ochocientos doce1812
70.2%
Tu _____ ropa muy cara. (llevar)llevas
70.1%
to worktrabajar
70.1%
shoeszapatos
69.8%
Yo _____ mis lapices en Walmart. (comprar)compro
69.7%
to paypagar
69.7%
blouseblusa
69.2%
to neednecesitar
68.7%
expensivecaro
68.4%
You payTu pagas
67.4%
We useNosotros usamos
66.9%
markermarcador
65.8%
to look forbuscar
65.7%
Mis amigos y yo _____ videos. (mirar)miramos
65.4%
necklacecollar
64.6%
pencilslapices
64.6%
littlepoco
64.6%
hatgorra
64.2%
calculatorcalculadora
62.5%
Ingles Espanol % Correct
They buyEllos compran
61.9%
backpackmochila
61.9%
skirtfalda
61.4%
erasergoma
60.8%
cheapbarato
60.8%
You speakTu hablas
59.8%
She paysElla paga
59.6%
I buyYo compro
59.5%
foldercarpeta
58.2%
jacketchaqueta
58%
penboligrafo
57.9%
2008dos mil ocho
57.5%
long hairpelo largo
56.4%
sandalssandalias
56.3%
They wearEllos llevan
55.6%
We workNosotros trabajamos
55.4%
dressvestido
55%
watch, clockreloj
54.7%
short hair pelo corto
54.6%
sizetalla
53.6%
notebookcuaderno
52.8%
beltcinturon
48.8%
registercaja
48.5%
earingsaretes
48.3%
what color is itde que color es
46.5%
1982mil novecientos ochenta y dos
46%
mil novecientos veintitres1923
45.9%
sizetamano
44%
employeeempleado
40%
340trescientos cuarenta
39%
cuatro mil ochocientos noventa y dos4892
38.1%
pearlsperlas
36.3%
a black jacketuna chaqueta negra
34.9%
I love you.Te amo
34.1%
white glovesguantes blancos
33.6%
springprimavera
29.6%
braceletpulsera
28.9%

You're not logged in!

Compare scores with friends on all Sporcle quizzes.
OR
Log In

Show Comments

Extras

Created Oct 1, 2013ReportNominate
Tags:chapter, Chapter 3, Español, ingle

Top Quizzes Today


Score Distribution

Your Account Isn't Verified!

In order to create a playlist on Sporcle, you need to verify the email address you used during registration. Go to your Sporcle Settings to finish the process.

Report this User

Report this user for behavior that violates our Community Guidelines.

Details: